Bilecik Bilecik Bilecik Bilecik Bilecik

Klinik epidemioloji ve sosyal tıp kitabı : (Record no. 14430)

MARC details
000 -BAŞLIK
Sabit Uzunluktaki Kontrol Alanı 01196nam a22003497a 4500
001 - KONTROL NUMARASI
Control Dosyası 0014467
003 - KONTROL NUMARASI KİMLİĞİ
Kontrol Alanı KOHA_MİRAKIL
005 - EN SON İŞLEM TARİHİ ve ZAMANI
Kontrol Alanı 20260207001955.0
007 - FİZİKSEL TANIM SABİT ALAN - GENEL BİLGİ
Sabit uzunluklu kontrol alanı ta
008 - SABİT UZUNLUKTAKİ VERİ ÖGELERİ - GENEL BİLGİ
Sabit Alan 100303b1982 tu |||gr||||#||||0|tur |
040 ## - KATALOGLAMA KAYNAĞI
Özgün Kataloglama Kurumu TR-BiSEU
Kataloglama Dili tur
Çeviri Kurumu TR-BiSEU
Açıklama Kuralları rda
041 0# - DİL KODU
Metin ya da ses kaydının dil kodu tur
044 ## - YAYINLAYAN/ÜRETEN KURULUŞUN ÜLKE KODU
ISO country code tu
050 ## - SINIFLAMA ve YER NUMARASI
Sınıflama Numarası RA651
Yer Numarası .D47 1982
100 1# - KİŞİ ADI
Yazar Adı (Kişi adı) Derman, Mustafa Uğur.
245 1# - ESER ADI BİLDİRİMİ
Başlık Klinik epidemioloji ve sosyal tıp kitabı :
Alt Eseradı vb. Ölç-biç-seç ve uygula/
Sorumluluk Bildirimi Mustafa Uğur Derman ; M. Uğur Derman, Gönül Akokan Aktaç, Evin Büyükünal.
264 #1 - ÜRERİM, YAYIN, DAĞITIM ve TELİF BİLDİRİMİ
Yayın yeri İstanbul :
Yayınlayan İstanbul Tıp Kitabevi
Yayın tarihi 1982
300 ## - FİZİKSEL TANIMLAMA
Sayfa, Cilt vb. 138 sayfa: resimli
336 ## - İÇERİK TÜRÜ
Content type term metin
Content type code txt
Source rdacontent
337 ## - MEDYA TÜRÜ
Media type term aracısız
Media type code n
Source rdamedia
338 ## - TAŞIYICI TÜRÜ
Carrier type term cilt
Carrier type code nc
Source rdacarrier
490 1# - DİZİ BİLDİRİMİ
Dizi Bildirimi İstanbul Üniversitesi Cerrahpaşa Tıp Fakültesi yayınları ;
Cilt Numarası Rektörlük no.
490 1# - DİZİ BİLDİRİMİ
Dizi Bildirimi 3025, Dekanlık no.
490 1# - DİZİ BİLDİRİMİ
Dizi Bildirimi 111
500 ## - GENEL NOT
Genel Not Dizin var.
650 #0 - KONU BAŞLIĞI EK GİRİŞ - KONU TERİMİ
Konusal terim veya coğrafi ad Biyometri.
9 (RLIN) 33768
650 #0 - KONU BAŞLIĞI EK GİRİŞ - KONU TERİMİ
Konusal terim veya coğrafi ad Epidemiyoloji.
9 (RLIN) 9331
830 1# - SERİ EK GİRİŞİ - TEKBİÇİM ESER ADI
Tekbiçim Başlık İstanbul Üniversitesi Cerrahpaşa Tıp Fakültesi yayınları ;
Volume number/sequential designation Rektörlük no.
9 (RLIN) 33769
830 1# - SERİ EK GİRİŞİ - TEKBİÇİM ESER ADI
Tekbiçim Başlık 3025, Dekanlık no.
9 (RLIN) 33770
830 1# - SERİ EK GİRİŞİ - TEKBİÇİM ESER ADI
Tekbiçim Başlık 111
9 (RLIN) 2898
942 ## - EK GİRİŞ ÖGELERİ (KOHA)
Source of classification or shelving scheme Library of Congress Classification
Koha item type Book
Holdings
Materyal Türü Kalıcı Konum Mevcut Konum Raf Yeri Sınıflandırma Kaynağı Edinim Bilgisi Ana Konular Alt Konular Yer Numarası Demirbaş Numarası Fatura Tarihi Geri Çekilme Durumu Kayıp Durumu Hasarlı Durumu Kredi için değil Kayıt Tarih Toplam Ödünçverme Son Görülme Tarihi Son Kontrol Tarihi Genel / Bağış Notu
Book Prof. Dr. Azmi Özcan Kütüphanesi Prof. Dr. Azmi Özcan Kütüphanesi Birûni Salonu Library of Congress Classification Bağış TIP Tıbbın Sosyal Yönleri (Halk Sağlığı) RA651 .D47 1982 0014467 02/02/2026         03/03/2010 1 28/04/2025 28/04/2025 Genel Bağış